000 00467nam a2200193Ia 4500
003 OSt
005 20230511151310.0
008 210423s1990 xx 000 0 und d
040 _cAL
041 _aeng
082 _a374
_223
_bRAOL
100 _aRAO (G Sambasiva).
_9103623
245 _aLiteracy methodology.
260 _aKottaym
_bOxford University Press
_c1990
365 _b13
_cINR
440 _v1
906 _aLiteracy ; methodology.
942 _2ddc
_cBK
999 _c172047
_d172047